000 00735pam a2200229 a 4500
001 2960702
005 20180312055035.0
008 910716s1992 njua b 001 0 eng
010 _a 91026857
020 _a0135447011
040 _aDLC
_cDLC
_dDLC
041 _aeng
080 _a658 LOV
082 0 0 _a658 LOV
_220
100 _a54
101 _aMAN
245 0 0 _aManaging services :
_c[compiled by] Christopher H. Lovelock.
504 _aIncludes bibliographical references and index.
906 _a7
_bcbc
_corignew
_d1
_eocip
_f19
_gy-gencatlg
942 _2ddc
_cBK
999 _c44698
_d44698